Global listing of appropriate technology technology organisations and sources (Record no. 51049)
[ view plain ]
| 000 -LEADER | |
|---|---|
| fixed length control field | 00529nam a2200109 4500 |
| 008 - FIXED-LENGTH DATA ELEMENTS--GENERAL INFORMATION | |
| fixed length control field | 230711b |||||||| |||| 00| 0 eng d |
| 040 ## - CATALOGING SOURCE | |
| Original cataloging agency | National Science Library |
| Transcribing agency | National Science Library |
| 245 ## - TITLE STATEMENT | |
| Title | Global listing of appropriate technology technology organisations and sources |
| Statement of responsibility, etc. | / (US) National Technical Information Service Springfield, Virginia prepared for Agency for International Development Washington, d c 1979 |
| 260 ## - PUBLICATION, DISTRIBUTION, ETC. | |
| Place of publication, distribution, etc. | US: |
| Name of publisher, distributor, etc. | National Technical Information Service, |
| Date of publication, distribution, etc. | 1979 |
| 300 ## - PHYSICAL DESCRIPTION | |
| Extent | 1a, 155p. |
| 942 ## - ADDED ENTRY ELEMENTS (KOHA) | |
| Source of classification or shelving scheme | Universal Decimal Classification |
| Koha item type | Reference |
No items available.